00241nam a2200073Ia 4500008004100000082000800041100002200049245009600071240331s9999 xx 000 0 und d bBRE aBreckenridge, S.N 4aThe hills of paradise :bBritish enterprise and the story of plantation growth in Sri Lanka